000
00271nam a2200109Ia 4500
008
230907s9999||||xx |||||||||||||| ||und||
082
_a
697.78
_b
MAE
100
_a
Maeda, Martha,
_9
115698
245
0
_a
How to solar power your home :
300
_a
336 pages :
942
_c
BK
999
_c
599188
_d
599188